| 000 | 00626nam a22002297a 4500 | ||
|---|---|---|---|
| 003 | OSt | ||
| 005 | 20220107122744.0 | ||
| 008 | 140224b xxu||||| |||| 00| 0 eng d | ||
| 020 | _a9788177227673 | ||
| 040 | _cIIITM-K | ||
| 082 | _a005.133JA LOU/A | ||
| 100 |
_aLoughran, Steve _93239 |
||
| 245 |
_aAnt in action _cby Steve Loughran; Erik Hatcher |
||
| 260 |
_aNew Delhi, _bDreamtech Press, _c2010. |
||
| 300 | _axxxii, 566p. | ||
| 650 |
_aCOMPUTER SCIENCE _93240 |
||
| 650 |
_aCOMPUTER PROGRAMMING _93241 |
||
| 650 |
_aJAVA PROGRAMMING _93242 |
||
| 650 |
_aANT _95000 |
||
| 700 |
_aHatcher, Erik _95001 |
||
| 942 |
_2ddc _cBK |
||
| 999 |
_c4111 _d4111 |
||